000 00533 a2200133 4500
082 _aMS-IT-9
100 _aAmjad Usman
_998296
245 _aExploiting the semantics of taxonomy in subject searching of institutional repositories
_cAmjad Usman
260 _aIslamabad
_bNUST-SEECS
_c2012
300 _a54p.
_b;ill.
_c;27cm.+
_eCD ROM
500 _aSupervisors: Dr. Sharifullah Khan, Dr. Khalid Latif, Dr. Hamid Mukhtar, Mr. Muhammad Bilal
856 _uhttp://10.250.8.41:8080/xmlui/handle/123456789/10052
942 _cPR
_kMS-IT-9 AMJ
_2ddc
999 _c11328
_d11328